Paesi che confinano con l'Ungheria - Statistics

Statistiche generali
  • Questo quiz è stato fatto 6.722 volte
  • Il punteggio medio è 7 su 7
Risposte nella Mappa
Le risposte nella mappa del quiz sottostante sono codificate secondo una scala di colori dal rosso al verde in base alla % di persone che hanno risposto correttamente.
 
Statistiche sulle risposte
Paese % Corretto
Romania
96%
Slovenia
96%
Slovacchia
95%
Austria
94%
Serbia
94%
Croazia
93%
Ucraina
91%
Nessun quiz corrispondente trovato
Distribuzione punteggi
Percentuale di utenti per punteggio
Percentile per numero di risposta
I tuoi punteggi nel tempo
Non hai fatto questo quiz